000 00610nam a2200181 i 4500
001 22407
003 ES-MaACL
005 20230906152706.0
007 t|
008 021202s1896 ag |||| | spa d
080 _a811.134.2'35
100 1 _aAldrey, Cayetano A.
_919649
245 1 0 _aOrtografía fonética y justificación de la usual española /
_cCayetano A. Aldrey.
260 _aBuenos Aires :
_b[s.n.],
_c1896 (
_fImp. de Pablo E. Coni e hijos)
300 _a163 p. ;
_c23 cm.
650 0 4 _aLengua española-
_xOrtografía.
_914177
852 _aES-MaACL
_jT-860-F-4
_z. - Dedicatoria autógrafa del autor
999 _c22407
_d22407